00676 2200289 4500001002100000008004100021035002000062245005000082100001800132250000600150260004000156300001200196020002200208084001400230082000800244650001400252990001200266990001200278990001200290990001200302990001200314990001200326990001200338990001200350990001200362990001200374INLIS000000000001162 ind  a0010-0524000397 aSoekarno; Sebuah BiograficAdji Nugroho, S.Ip aNugroho, Adji a1 aYogyakarta :bRoemah Soekarnoc2019 a312 hlm a978-623-244-007-4 a900 ADJ s a900 aNon Fiksi a0744812 a0744813 a0744814 a0744815 a0744816 a0744817 a0744818 a0744819 a0744820 a0744821